Koponyasérülést követő endokrin eltérések gyermekkorban

Elmentve itt :
Bibliográfiai részletek
Szerző: Niederland Tamás
Dokumentumtípus: Könyv része
Megjelent: 2006
Sorozat:Tiszaparti esték 7
Tiszaparti esték : gyermekgyógyászati továbbképző előadások 2005-2006 7
Kulcsszavak:Endokrinológia - gyermekkor, Gyermekgyógyászat
Tárgyszavak:
Online Access:http://acta.bibl.u-szeged.hu/18894
LEADER 00828naa a2200217 i 4500
001 acta18894
005 20220318131429.0
008 161015s2006 hu o 0|| hun d
022 |a 1588-3515 
040 |a SZTE Egyetemi Kiadványok Repozitórium  |b hun 
041 |a hun 
100 1 |a Niederland Tamás 
245 1 0 |a Koponyasérülést követő endokrin eltérések gyermekkorban  |h [elektronikus dokumentum] /  |c  Niederland Tamás 
260 |c 2006 
300 |a 271-279 
490 0 |a Tiszaparti esték  |v 7 
490 0 |a Tiszaparti esték : gyermekgyógyászati továbbképző előadások 2005-2006  |v 7 
650 4 |a Orvos- és egészségtudomány 
650 4 |a Klinikai orvostan 
695 |a Endokrinológia - gyermekkor, Gyermekgyógyászat 
856 4 0 |u http://acta.bibl.u-szeged.hu/18894/1/tiszaparti_2005_271-279.pdf  |z Dokumentum-elérés